书目信息

书名: 一本书看懂商业模式 
作者: 徐淼
出版信息: 北京   中国商业出版社  2022.5
开本页数: 24cm  209页
丛书名:
单 册:
中图分类: F71
科图分类:
主题词: 商业模式--shang ye mo shi--研究
电子资源:
ISBN: 978-7-5208-1971-8
000 01417nam0 2200253 450
001 012022001166
005 20220525161155.4
010    @a978-7-5208-1971-8@dCNY58.00
100    @a20220524d2022 em y0chiy50 ea
101 @achi
102    @aCN@b110000
105    @ay z 000yy
106    @ar
200 @a一本书看懂商业模式@Ayi ben shu kan dong shang ye mo shi@e看懂商业模式, 改变你的人生@f徐淼著
210    @a北京@c中国商业出版社@d2022.5
215    @a209页@d24cm
314    @a徐淼, 中国人民大学经济学硕士, 曾任北京大学、京华大学、红杉资本、中国平安、中国移动等机构和公司特聘培训师。
330    @a在现代的商业竞争中, 商业模式成为可以决定企业生死的重要企业战略。拼多多公司在结合了阿里巴巴及京东的商业模式所长后, 创造了自己的商业模式并快速的崛起, 在短时间内与其他互联网商业巨头并驾齐驱。而众多的经典老牌商业巨头也以其独特的商业模式, 傲立于商业之林。如可口可乐的模式名义上是卖可乐的, 实际上则是一家广告公司。如麦当劳名义上是卖汉堡的快餐公司, 而实际上是一家房地产公司。在现代商业社会不懂商业模式就很难让企业崛起发展。本书内容讲解分析了世界知名企业的众多商业模式, 读者可以从中细细品读, 去挖掘商业模式作为改革创新源泉的真正意义所在。
517 @a看懂商业模式, 改变你的人生@Akan dong shang ye mo shi, gai bian ni de ren sheng
606 @a商业模式@Ashang ye mo shi@x研究
690    @aF71@v5
701  0 @a徐淼@Axu miao@4著
801  0 @aCN@bCDNYKJZYXY@c20220524
905    @aCDNYKJZYXY@b300667140-2@dF71@e117@f3
    
    一本书看懂商业模式:看懂商业模式, 改变你的人生/徐淼著.-北京:中国商业出版社,2022.5
    209页;24cm
    
    
    ISBN 978-7-5208-1971-8:CNY58.00
    在现代的商业竞争中, 商业模式成为可以决定企业生死的重要企业战略。拼多多公司在结合了阿里巴巴及京东的商业模式所长后, 创造了自己的商业模式并快速的崛起, 在短时间内与其他互联网商业巨头并驾齐驱。而众多的经典老牌商业巨头也以其独特的商业模式, 傲立于商业之林。如可口可乐的模式名义上是卖可乐的, 实际上则是一家广告公司。如麦当劳名义上是卖汉堡的快餐公司, 而实际上是一家房地产公司。在现代商业社会不懂商业模式就很难让企业崛起发展。本书内容讲解分析了世界知名企业的众多商业模式, 读者可以从中细细品读, 去挖掘商业模式作为改革创新源泉的真正意义所在。
相关链接 在五车中查询图书 在当当中查询图书 在豆瓣中查询图书


正题名:一本书看懂商业模式     索取号:F71/117         预约/预借

序号 登录号 条形码 馆藏地/架位号 状态 备注
1 667140   300667140   柳城-5楼/15架4列5层/ [索取号:F71/117] 在馆    
2 667141   300667141   柳城-5楼/15架4列5层/ [索取号:F71/117] 在馆    
3 667142   300667142   柳城-5楼/15架4列5层/ [索取号:F71/117] 在馆